<?xml version="1.0" encoding="UTF-8"?>
<record
    xmlns:xsi="http://www.w3.org/2001/XMLSchema-instance"
    xsi:schemaLocation="http://www.loc.gov/MARC21/slim http://www.loc.gov/standards/marcxml/schema/MARC21slim.xsd"
    xmlns="http://www.loc.gov/MARC21/slim">

  <leader>00886na  a2200289   4500</leader>
  <controlfield tag="001">14469</controlfield>
  <controlfield tag="003">MIRAKIL</controlfield>
  <controlfield tag="005">20181213154917.0</controlfield>
  <controlfield tag="008">160828b        tu            000 0      </controlfield>
  <datafield tag="020" ind1=" " ind2=" ">
    <subfield code="a">9751001196</subfield>
  </datafield>
  <datafield tag="035" ind1=" " ind2=" ">
    <subfield code="a">14469</subfield>
  </datafield>
  <datafield tag="040" ind1=" " ind2=" ">
    <subfield code="a">Milas</subfield>
    <subfield code="b">tur</subfield>
    <subfield code="c">TR-AnCHP</subfield>
  </datafield>
  <datafield tag="082" ind1=" " ind2=" ">
    <subfield code="a">DAN 419.3</subfield>
    <subfield code="b">&#xD6;96o 2005</subfield>
  </datafield>
  <datafield tag="090" ind1=" " ind2=" ">
    <subfield code="a">DAN 419.3 &#xD6;96o 2005</subfield>
  </datafield>
  <datafield tag="100" ind1=" " ind2=" ">
    <subfield code="a">&#xD6;z&#xF6;n, Mustafa Nihat</subfield>
    <subfield code="d">1896-1980</subfield>
  </datafield>
  <datafield tag="240" ind1=" " ind2=" ">
    <subfield code="a">Osmanl&#x131;ca T&#xFC;rk&#xE7;e s&#xF6;zl&#xFC;k</subfield>
  </datafield>
  <datafield tag="245" ind1=" " ind2=" ">
    <subfield code="a">B&#xFC;y&#xFC;k Osmanl&#x131;ca-T&#xFC;rk&#xE7;e s&#xF6;zl&#xFC;k</subfield>
    <subfield code="c">Mustafa Nihat &#xD6;z&#xF6;n</subfield>
  </datafield>
  <datafield tag="246" ind1=" " ind2=" ">
    <subfield code="a">Ferhenga Kurdi - T&#x131;rki</subfield>
  </datafield>
  <datafield tag="246" ind1=" " ind2=" ">
    <subfield code="a">Osmanl&#x131;ca-T&#xFC;rk&#xE7;e s&#xF6;zl&#xFC;k</subfield>
  </datafield>
  <datafield tag="250" ind1=" " ind2=" ">
    <subfield code="a">9. bs.</subfield>
  </datafield>
  <datafield tag="260" ind1=" " ind2=" ">
    <subfield code="a">&#x130;stanbul</subfield>
    <subfield code="b">&#x130;nk&#x131;lap kitabevi</subfield>
    <subfield code="c">2005</subfield>
  </datafield>
  <datafield tag="300" ind1=" " ind2=" ">
    <subfield code="a">xlvi, 928 s.</subfield>
    <subfield code="c">24 sm.</subfield>
  </datafield>
  <datafield tag="500" ind1=" " ind2=" ">
    <subfield code="a">Kapakta ad&#x131;: Osmanl&#x131;ca T&#xFC;rk&#xE7;e s&#xF6;zl&#xFC;k</subfield>
  </datafield>
  <datafield tag="650" ind1=" " ind2=" ">
    <subfield code="a">Osmanl&#x131;ca</subfield>
    <subfield code="x">S&#xF6;zl&#xFC;kler</subfield>
    <subfield code="y">T&#xFC;rk&#xE7;e</subfield>
  </datafield>
  <datafield tag="650" ind1=" " ind2=" ">
    <subfield code="a">T&#xFC;rk dili</subfield>
    <subfield code="x">S&#xF6;zl&#xFC;kler</subfield>
    <subfield code="y">Osmanl&#x131;ca</subfield>
  </datafield>
  <datafield tag="942" ind1=" " ind2=" ">
    <subfield code="2">ddc</subfield>
    <subfield code="c">BKS</subfield>
  </datafield>
  <datafield tag="952" ind1=" " ind2=" ">
    <subfield code="a">0001</subfield>
    <subfield code="b">0001</subfield>
    <subfield code="d">2016-08-28</subfield>
    <subfield code="e">2</subfield>
    <subfield code="l">0</subfield>
    <subfield code="o">DAN 419.3 &#xD6;96o 2005</subfield>
    <subfield code="p">002462</subfield>
    <subfield code="r">2016-08-28 00:00:00</subfield>
    <subfield code="v">0.00</subfield>
    <subfield code="w">2016-08-28</subfield>
    <subfield code="y">BKS</subfield>
  </datafield>
  <datafield tag="999" ind1=" " ind2=" ">
    <subfield code="c">3025</subfield>
    <subfield code="d">3025</subfield>
  </datafield>
</record>
